000 00413nam a2200121Ia 4500
008 160609s9999 xx 000 0 und d
100 _aWelle, Anja.
245 _aHybrid Culture: Japanese Media Arts In Dialogue With The West
245 _cBy:Anja Welle, Yvonne Spielmann
260 _c2012
650 _xINTRODUCTION TO MULTIMEDIA ARTS
856 _uhttp://file.ebook777.com/006/HybCulJapMedArtInDiaWitTheWes.pdf
999 _c295777
_d295777